000 008780000a22001690004500
020 _a978-958-704-511-6
082 0 4 _aG 864 A116f
100 1 _aAbad Faciolince, Héctor Joaquín.
245 1 0 _aLas formas de la pereza / Héctor Abad Faciolince.
260 _aBogotá, Colombia : Aguilar Ediciones, 2007.
300 _a218 p. ; 24 cm.
505 0 0 _aAh, el amor... -- Paseos literarios -- Plegarias periodísticas -- Desocupado lector
520 _aResumen: Las formas de la pereza no es un libro para perezosos, aunque puede leerse desde los remansos del ocio redentor. Lúcidos, divertidos, críticos y convincentes, estos ensayos de Héctor Abad Faciolince son una espontánea y desinteresada invitación al diálogo. Diálogo de la memoria íntima e histórica, pública y confidencial.
650 1 4 _aLITERATURA LATINOAMERICANA - COLOMBIA
001 17976
942 _cBK
999 _c44469
_d44469